Thằng gù nhà thờ Đức Bà Paris = Notre Dame de Paris
Gardado en:
| Autor Principal: | |
|---|---|
| Formato: | Libro |
| Idioma: | Undetermined |
| Publicado: |
Hà Nội
Văn học
2006
|
| Những chủ đề: | |
| Các nhãn: |
Engadir etiqueta
Sen Etiquetas, Sexa o primeiro en etiquetar este rexistro!
|
| Thư viện lưu trữ: | Trung tâm Học liệu Trường Đại học Cần Thơ |
|---|
| LEADER | 00607nam a2200217Ia 4500 | ||
|---|---|---|---|
| 001 | CTU_104256 | ||
| 008 | 210402s9999 xx 000 0 und d | ||
| 020 | |c 75000 | ||
| 082 | |a 843.8 | ||
| 082 | |b H895 | ||
| 100 | |a Victor, Hugo | ||
| 245 | 0 | |a Thằng gù nhà thờ Đức Bà Paris = | |
| 245 | 0 | |b Notre Dame de Paris | |
| 245 | 0 | |c Victor Hugo ; Nhị Ca biên dịch | |
| 260 | |a Hà Nội | ||
| 260 | |b Văn học | ||
| 260 | |c 2006 | ||
| 650 | |a French fiction (Vietnamese) | ||
| 650 | |x 19th century | ||
| 904 | |i Minh | ||
| 980 | |a Trung tâm Học liệu Trường Đại học Cần Thơ | ||